[Event "SRB-ch U14"]
[Site "Subotica"]
[Date "2021.05.04"]
[Round "2"]
[White "Raskovic, Ilija"]
[Black "Sabo, Marko D"]
[Result "0-1"]
[WhiteElo "1069"]
[BlackElo "1487"]
[PlyCount "38"]
[EventDate "2021.05.03"]
[EventType "swiss"]
[EventRounds "9"]
[EventCountry "SRB"]
[SourceTitle "EXT 2022"]
[Source "ChessBase"]
[SourceDate "2021.10.06"]
[SourceVersion "1"]
[SourceVersionDate "2021.10.06"]
[SourceQuality "1"]

1. e4 e5 2. d4 exd4 3. Qxd4 Nc6 4. Qe3 Nf6 5. Nc3 Bb4 6. Bd2 d6 7. 0-0-0 Be6 8. h3 Qd7 9. g4 0-0-0 10. Bb5 a6 11. Be2 Rhe8 12. f4 d5 13. Nxd5 Nxd5 14. exd5 Bxd5 15. Qd3 Bxd2+ 16. Rxd2 Bxh1 17. Qxd7+ Rxd7 18. Rxd7 Kxd7 19. Nf3 Rxe2 0-1